00627nam a2200217Ia 4500003000900000008004100009040001300050040001300063041000800076100002100084245002000105250000900125260002100134260000900155300000800164490001100172490000600183942000700189999001700196952019600213IT-RoPAU120407s9999 xx 000 0 und d aIT-RoPAU cIT-RoPAU aita aJacques Leclercq aVita interiore. aAlba aEdizioni Paoline c1955 c cm aCat.II v1 cBK c23915d23915 00102ddc406208_30300000000000071aPAULUSbPAULUSd2012-04-11l0o208.303r2012-04-11 00:00:00w2012-04-11yBKzInserito da: Jole In data: 30 luglio 2011 fondo: Via A.Severo 56 Progr:37117